Statistics for my top 15 nxt superstars (2017-2018)

Click here to take the quiz!

General Stats

  • This quiz has been taken 101 times
  • The average score is 5 of 15

Answer Stats

HintAnswer% Correct
2rebel heartjohnny gargano
81%
4estbianca belair
62%
12pirate princesskairi sane
45%
13paul elleringaop
44%
5mysteriousaleister black
41%
11end of heartacheroderick strong
34%
7team kickdakota kai
33%
1nxt chamipionandrade cien almas
29%
10swagstreet profits
26%
15monsterlars sullivan
25%
14tnaec3
16%
3mesmorisingvelveteen dream
16%
6crazysanity
9%
8Australian duoiconic duo
6%
9kingrichochet
1%

Score Distribution

Percentile by Number Answered

Percent of People with Each Score

Your Score History

You have not taken this quiz